<?xml version="1.0" encoding="UTF-8"?>
<record
    xmlns:xsi="http://www.w3.org/2001/XMLSchema-instance"
    xsi:schemaLocation="http://www.loc.gov/MARC21/slim http://www.loc.gov/standards/marcxml/schema/MARC21slim.xsd"
    xmlns="http://www.loc.gov/MARC21/slim">

  <leader>00670nam a2200193Ia 4500</leader>
  <controlfield tag="008">151121s9999||||xx |||||||||||||| ||und||</controlfield>
  <datafield tag="082" ind1=" " ind2=" ">
    <subfield code="a">813/&#x926;&#x92A;&#x94D;&#x924;&#x930;</subfield>
  </datafield>
  <datafield tag="082" ind1=" " ind2=" ">
    <subfield code="b">HNW-52824</subfield>
  </datafield>
  <datafield tag="100" ind1=" " ind2=" ">
    <subfield code="a">&#x926;&#x92A;&#x94D;&#x924;&#x930;&#x926;&#x93E;&#x930; &#x930;&#x935;&#x940;&#x902;&#x926;&#x94D;&#x930;</subfield>
  </datafield>
  <datafield tag="245" ind1=" " ind2=" ">
    <subfield code="a">&#x938;&#x93E;&#x916;&#x930;&#x92A;&#x947;&#x930;&#x923;&#x940;</subfield>
  </datafield>
  <datafield tag="260" ind1=" " ind2=" ">
    <subfield code="b">&#x917;&#x93E;&#x902;&#x917;&#x932;-&#x91A;&#x93F;&#x91F;&#x923;&#x940;&#x938; &#x917;&#x94D;&#x930;&#x902;&#x925;&#x93E;&#x932;&#x940; &#x935;&#x93E;&#x91A;&#x915; &#x91A;&#x964;-&#x92E;&#x941;&#x902;&#x92C;&#x908;&#x964;</subfield>
  </datafield>
  <datafield tag="260" ind1=" " ind2=" ">
    <subfield code="c">--</subfield>
  </datafield>
  <datafield tag="300" ind1=" " ind2=" ">
    <subfield code="a">234</subfield>
  </datafield>
  <datafield tag="600" ind1=" " ind2=" ">
    <subfield code="a">&#x926;&#x92A;&#x94D;&#x924;&#x930;&#x926;&#x93E;&#x930; &#x930;&#x935;&#x940;&#x902;&#x926;&#x94D;&#x930;</subfield>
  </datafield>
  <datafield tag="630" ind1=" " ind2=" ">
    <subfield code="a">&#x938;&#x93E;&#x916;&#x930;&#x92A;&#x947;&#x930;&#x923;&#x940;</subfield>
  </datafield>
  <datafield tag="700" ind1=" " ind2=" ">
    <subfield code="a">&#x926;&#x92A;&#x94D;&#x924;&#x930;&#x926;&#x93E;&#x930; &#x930;&#x935;&#x940;&#x902;&#x926;&#x94D;&#x930;</subfield>
  </datafield>
  <datafield tag="730" ind1=" " ind2=" ">
    <subfield code="a">&#x938;&#x93E;&#x916;&#x930;&#x92A;&#x947;&#x930;&#x923;&#x940;</subfield>
  </datafield>
  <datafield tag="942" ind1=" " ind2=" ">
    <subfield code="c">BOOK</subfield>
  </datafield>
  <datafield tag="999" ind1=" " ind2=" ">
    <subfield code="c">1236705</subfield>
    <subfield code="d">1236702</subfield>
  </datafield>
  <datafield tag="952" ind1=" " ind2=" ">
    <subfield code="0">0</subfield>
    <subfield code="1">0</subfield>
    <subfield code="4">0</subfield>
    <subfield code="7">0</subfield>
    <subfield code="a">HNW</subfield>
    <subfield code="b">HNW</subfield>
    <subfield code="d">2015-11-21</subfield>
    <subfield code="g">40.00</subfield>
    <subfield code="l">0</subfield>
    <subfield code="o">HNW-52824</subfield>
    <subfield code="p">HNW-52824</subfield>
    <subfield code="r">2015-11-21 00:00:00</subfield>
    <subfield code="v">40.00</subfield>
    <subfield code="w">2015-11-21</subfield>
    <subfield code="y">BOOK</subfield>
  </datafield>
</record>
